[Event "GER-chT U12"]
[Site "Magdeburg"]
[Date "2023.12.29"]
[Round "5.5"]
[White "Zargaran, Sepas"]
[Black "Zhao, Yunsheng"]
[Result "1-0"]
[WhiteElo "1636"]
[BlackElo "1433"]
[PlyCount "103"]
[EventDate "2023.12.26"]
[EventType "team-swiss"]
[EventRounds "7"]
[EventCountry "GER"]
[SourceTitle "CB03_2024"]
[SourceDate "2024.01.17"]
[SourceVersion "1"]
[SourceVersionDate "2024.01.17"]
[SourceQuality "1"]
[WhiteTeam "Offenbach"]
[BlackTeam "Bad Homburg"]
[WhiteTeamCountry "GER"]
[BlackTeamCountry "GER"]

1. e4 e5 2. Nf3 Nc6 3. Bb5 a6 4. Ba4 Nf6 5. 0-0 d6 6. Re1 Be7 7. c3 0-0 8. h3 b5 9. Bc2 Bb7 10. d4 Qd7 11. a4 Rfd8 12. Bg5 h6 13. Bh4 exd4 14. cxd4 Nb4 15. Nbd2 Nxc2 16. Qxc2 Re8 17. Rac1 Rac8 18. axb5 axb5 19. e5 Nd5 20. Bxe7 Rxe7 21. Ne4 Nb6 22. Kh2 Bxe4 23. Rxe4 d5 24. Rg4 Re6 25. Nd2 Qe7 26. Nb3 Nd7 27. f4 Kh8 28. f5 Rb6 29. Qd2 Qf8 30. Rh4 Kh7 31. g4 g6 32. f6 Nxf6 33. exf6 Rxf6 34. g5 Rf5 35. Rxh6+ Kg7 36. Rc6 Qe7 37. Rh4 Rf3 38. Nc1 Re8 39. Rf6 Rxf6 40. gxf6+ Qxf6 41. Qh6+ Kg8 42. Qh7+ Kf8 43. Qh8+ Qxh8 44. Rxh8+ Ke7 45. Rxe8+ Kxe8 46. Kg3 Ke7 47. Nd3 Kf6 48. Nb4 Ke6 49. Kf4 f6 50. h4 Kd6 51. Nd3 Ke6 52. Kg4 1-0

[Event "Bad Soden U10 op"]
[Site "Bad Soden"]
[Date "2019.10.04"]
[Round "4"]
[White "Zhao, Yunsheng"]
[Black "Angrick, Otto Nikolaus"]
[Result "1-0"]
[WhiteElo "755"]
[BlackElo "1009"]
[PlyCount "77"]
[EventDate "2019.10.03"]
[EventType "swiss"]
[EventRounds "9"]
[EventCountry "GER"]
[SourceTitle "CBM 192 Extra"]
[Source "Chessbase"]
[SourceDate "2019.11.06"]
[SourceVersion "1"]
[SourceVersionDate "2019.11.06"]
[SourceQuality "1"]

1. e4 e5 2. Nf3 Nf6 3. Nxe5 d6 4. Nf3 Nxe4 5. Bd3 Ng5 6. Nxg5 Qxg5 7. 0-0 Bf5 8. Bxf5 Qxf5 9. Re1+ Be7 10. d4 0-0 11. Rxe7 Nc6 12. Re2 Nxd4 13. Qxd4 Rae8 14. Be3 Re6 15. Nc3 Rg6 16. Bf4 Qh3 17. Bg3 Qf5 18. Rae1 Re6 19. Rxe6 fxe6 20. Qe3 e5 21. Nd5 Qe6 22. Nf4 Qxa2 23. Nd3 Qe6 24. Qxa7 Qc4 25. Qxb7 Qxc2 26. Qd5+ Kh8 27. Rc1 Qe2 28. h3 Rc8 29. Qe6 Ra8 30. Rxc7 h6 31. Qxd6 Qd1+ 32. Kh2 Ra1 33. Bxe5 h5 34. Bxg7+ Kg8 35. Qd8+ Kh7 36. Kg3 Qe2 37. Nf4 h4+ 38. Kh2 Qxf2 39. Qh8# 1-0